000 00828nam a22003250a 4500
001 PT54760
003 AR-LpoUNG
005 20210131231635.0
008 191001s2002||||ag |||||||||||||||||spa d
020 _a9505117825
_c$
040 _aAR-LpoUNG
_bspa
_cAR-LpoUNG
_eaacr
041 _aspa
044 _aag
082 0 _aA863 146alf
100 1 _aGalán, Ana Silvia
245 1 3 _aLa otra Alfonsina
250 _a1ra. ed.
260 _aBuenos Aires :
_bAguilar,
_c2002.
300 _a391 p. :
_bfot.
650 4 _aAPRECIACION LITERARIA
650 4 _aARGENTINA
650 4 _aINFLUENCIA LITERARIA
650 4 _aLITERATURA
651 4 _aDOCUMENTOS TEORICOS O METODOLOGICOS
653 _aLITERATURA ARGENTINA
653 _aSTORNI, ALFONSINA
700 1 _aGliemmo, Graciela
905 _a54760
942 _cLIB
999 _c11171
_d11171